Nomination of Hon. Antony J. Blinken to be U.S. Secretary of State : hearing before the Committee on Foreign Relations, United States Senate, One Hundred Seventeenth Congress, first session, January 19, 2021.

Bibliographic Details
Corporate Author: United States. Congress. Senate. Committee on Foreign Relations (Author)
Format: Government Document eBook
Language:English
Published: Washington : U.S. Government Publishing Office, 2021.
Series:S. hrg. ; 117-4
Subjects:
Online Access:https://purl.fdlp.gov/GPO/gpo154223

MARC

Tag First Indicator Second Indicator Subfields
LEADER 00000cam a2200000 i 4500
001 in00004434945
005 20211120112051.0
006 m o d f
007 cr |||||||||||
008 210413s2021 dcu o f000 0 eng c
024 8 |a 43-890  |q (GPO jacket number) 
035 |a (OCoLC)on1245966591 
042 |a pcc 
043 |a n-us--- 
040 |a GPO  |b eng  |e rda  |e pn  |c GPO  |d GPO  |d OCLCO  |d GPO  |d MvI 
049 |a WWW 
050 4 |a KF26  |b .F6 2021 
074 |a 1039-C (online) 
086 0 |a Y 4.F 76/2:S.HRG.117-4/PT.1-2 
110 1 |a United States.  |b Congress.  |b Senate.  |b Committee on Foreign Relations,  |e author. 
245 1 0 |a Nomination of Hon. Antony J. Blinken to be U.S. Secretary of State :  |b hearing before the Committee on Foreign Relations, United States Senate, One Hundred Seventeenth Congress, first session, January 19, 2021. 
264 1 |a Washington :  |b U.S. Government Publishing Office,  |c 2021. 
300 |a 1 online resource (iii, 1401 pages). 
336 |a text  |b txt  |2 rdacontent 
337 |a computer  |b c  |2 rdamedia 
338 |a online resource  |b cr  |2 rdacarrier 
490 1 |a S. hrg. ;  |v 117-4 
518 |a Date of hearing: 2021-01-19. 
588 |a Description based on online resource; title from Pt. I PDF title page (govinfo, viewed Apr. 13, 2021). 
600 1 0 |a Blinken, Antony J. 
610 1 0 |a United States.  |b Department of State  |x Officials and employees  |x Selection and appointment. 
655 7 |a Legislative hearings.  |2 lcgft 
776 0 8 |i Print version:  |a United States. Congress. Senate. Committee on Foreign Relations.  |t Nomination of Hon. Antony J. Blinken to be U.S. Secretary of State  |w (OCoLC)1245966629 
810 1 |a United States.  |b Congress.  |b Senate.  |t S. hrg. ;  |v 117-4. 
856 4 0 |u https://purl.fdlp.gov/GPO/gpo154223  |t 0 
999 f f |s 1b4a1c2b-8fcb-37b3-a59b-1cdf1f007bd0  |i d657d5ff-3cc3-3cae-bb70-27d1ee3636d9  |t 0 
952 f f |a Texas A&M University  |b College Station  |c Electronic Resources  |d Available Online  |t 0  |e Y 4.F 76/2:S.HRG.117-4/PT.1-2  |h Superintendent of Documents classification 
998 f f |a Y 4.F 76/2:S.HRG.117-4/PT.1-2  |t 0  |l Available Online